| 000 | 00587nam a2200193 a 4500 | ||
|---|---|---|---|
| 005 | 20210219154243.0 | ||
| 008 | 991125n 000 0 spa u | ||
| 035 | _aUPN01000121330 | ||
| 100 | _aPEIRO I GREGORI, Salvador, 1947- | ||
| 222 | _aREVISTA ESPAÑOLA DE PEDAGOGIA | ||
| 245 | _aLas ambivalencias pedagogicas en el contexto de la accion y proceso educativo | ||
| 300 | _a221-235 | ||
| 362 | _a1985 Año 43, No. 168, jul.-sept. | ||
| 653 | 0 | _aTEORIAS DE LA EDUCACION | |
| 653 | 0 | _aAUTONOMIA PERSONAL | |
| 653 | 0 | _aCIBERNETICA | |
| 904 |
_aAC _b026236 |
||
| 905 | _aArticulo | ||
| 999 |
_c93579 _d93579 |
||